00776nam a2200229 a 4500001001000000005001700010008004100027020002100068020002100089020002100110041000800131044000700139050002100146245004200167260006300209300004700272500004400319504004100363610006500404650004200469650003500511BRCA_375220190320204418.0990609m19982002mx-a---##b---f000-0cspa-# a9688105929 (t.1) a9688106402 (t.2) a9688106607 (t.3) aspa amx 4aF1205b.E83 199810aEscritores en la diplomacia mexicana. aMéxicobSecretaría de Relaciones Exterioresc1998-2002 a3 v.bil. (algunas a color), mapasc31 cm. aLa biblioteca solo cuenta con el tomo 3 aIncluye referencias bibliográficas24aSecretaría de Relaciones ExterioresvBiografíazMéxico14aDiplomáticosvBiografíazMéxico14aAutores mexicanosvBiografía